000 00721nam a22001577a 4500
003 OSt
005 20151130105430.0
008 151130b xxu||||| |||| 00| 0 eng d
040 _cRUA
082 _aFIS HOU 1997 B167 Or.1
100 _94017
_aHOUT, CHHAYLY.
245 _aAssessment of potential of smallscale aquaculture in prey veng district prey veng province (ការវាយតំលៃទៅលើសក្ដានុពលភាពនៃវិស័យវារីវប្បកម្មជាលក្ខណះគ្រួសារក្នុងស្រុកព្រៃវែងខេត្តព្រៃវែង)
260 _aPhnom Penh
_bRUA
_c1997
300 _a52p.
_bill.
_c29cm.
942 _2ddc
_cFIS
999 _c3738
_d3738